[Event "Spain ch tt"]
[Site "?"]
[Date "2001.??.??"]
[Round "8"]
[White "Rodriguez Vargas, Orestes"]
[Black "Suba, Mihai"]
[Result "1/2-1/2"]
[WhiteElo "2463"]
[BlackElo "2535"]
[PlyCount "70"]
[EventDate "2001.??.??"]

1. d4 Nf6 2. c4 e6 3. Nc3 Bb4 4. e3 O-O 5. Nge2 d5 6. a3 Be7 7. cxd5 Nxd5 8. g3
Nd7 9. Bg2 Nxc3 10. Nxc3 e5 11. O-O exd4 12. exd4 Nf6 13. d5 a6 14. h3 Bd6 15.
Be3 Re8 16. Bd4 h6 17. Qb3 Be5 18. Bxe5 Rxe5 19. Rfe1 Qd6 20. Rad1 Rxe1+ 21.
Rxe1 Rb8 22. Nd1 Bd7 23. Ne3 Qc5 24. Re2 Qb5 25. Qc2 Re8 26. Rd2 c6 27. Rd4 a5
28. b4 axb4 29. axb4 Qa6 30. dxc6 Bxc6 31. Bxc6 bxc6 32. Rd6 Qa1+ 33. Kg2 Qe1
34. Rxc6 Qxb4 35. Rc7 Qe4+ 1/2-1/2

[Event "Spain ch tt"]
[Site "?"]
[Date "2001.??.??"]
[Round "8"]
[White "Garcia Ilundain, David"]
[Black "Campos Moreno, Javier"]
[Result "1/2-1/2"]
[WhiteElo "2467"]
[BlackElo "2500"]
[PlyCount "43"]
[EventDate "2001.??.??"]

1. d4 Nf6 2. Nf3 d5 3. c4 e6 4. Bg5 Nbd7 5. Nbd2 Be7 6. e3 O-O 7. Bd3 c5 8. O-O
cxd4 9. Nxd4 Ne5 10. Be2 Bd7 11. cxd5 Nxd5 12. Bxe7 Qxe7 13. N2f3 Nc6 14. Nxc6
Bxc6 15. Ne5 Rfc8 16. Rc1 Be8 17. Qd4 Nb6 18. Nf3 Rc7 19. Rxc7 Qxc7 20. Rd1 Rc8
21. h4 Qc5 22. Qd2 1/2-1/2

[Event "Spain ch tt"]
[Site "?"]
[Date "2001.??.??"]
[Round "8"]
[White "Martin Gonzalez, Angel"]
[Black "Del Rio, Gabriel"]
[Result "0-1"]
[WhiteElo "2425"]
[BlackElo "2489"]
[PlyCount "54"]
[EventDate "2001.??.??"]

1. e4 e6 2. d4 d5 3. Nc3 Bb4 4. e5 c5 5. Bd2 Nc6 6. Nb5 Bxd2+ 7. Qxd2 Nxd4 8.
Nxd4 cxd4 9. Nf3 Qb6 10. O-O-O Ne7 11. Qg5 Nf5 12. g4 h6 13. Qh5 Ne7 14. Nxd4
Bd7 15. f4 Nc6 16. Nb5 Qe3+ 17. Kb1 O-O 18. g5 Qxf4 19. Rg1 Nxe5 20. gxh6 g6
21. Re1 Nf3 22. Rxg6+ Kh8 23. Rg4 Qf5 24. Qh3 e5 25. Rg7 Nxe1 26. Qxf5 Bxf5 27.
Nd6 Bg6 0-1

[Event "Spain ch tt"]
[Site "?"]
[Date "2001.??.??"]
[Round "8"]
[White "Romero, Alfonso"]
[Black "Estremera, Sergio"]
[Result "1-0"]
[WhiteElo "2461"]
[BlackElo "2398"]
[PlyCount "75"]
[EventDate "2001.??.??"]

1. c4 Nf6 2. d4 e6 3. g3 d5 4. Bg2 Bb4+ 5. Nd2 O-O 6. Qc2 Nc6 7. Ngf3 Ne4 8. e3
Na5 9. cxd5 exd5 10. O-O Bf5 11. Nxe4 Bxe4 12. Qa4 Nc6 13. Ne5 Nxe5 14. Bxe4
dxe4 15. dxe5 Qe7 16. a3 Bc5 17. Qxe4 Rae8 18. b4 Bb6 19. Bb2 c6 20. Qc4 Rd8
21. Rad1 Rd7 22. Qg4 Rfd8 23. Rd6 Bc7 24. e6 fxe6 25. Rxe6 Qf7 26. Qe4 Bb6 27.
Bc3 Rf8 28. Kg2 Rfd8 29. a4 Bc7 30. h4 Bd6 31. Rd1 Bxg3 32. Rxd7 Qxf2+ 33. Kh3
Qh2+ 34. Kg4 Qxh4+ 35. Kf3 Rf8+ 36. Ke2 Qh5+ 37. Kd2 Rf1 38. Kc2 1-0

[Event "Spain ch tt"]
[Site "?"]
[Date "2001.??.??"]
[Round "8"]
[White "Granados, Manuel"]
[Black "Campora, Daniel"]
[Result "0-1"]
[WhiteElo "2428"]
[BlackElo "2536"]
[PlyCount "98"]
[EventDate "2001.??.??"]

1. d4 Nf6 2. Nf3 e6 3. e3 b6 4. Bd3 Bb7 5. O-O Be7 6. Nbd2 d5 7. b3 O-O 8. Ne5
Ne4 9. Nxe4 dxe4 10. Be2 Nd7 11. Bb2 f5 12. Nxd7 Qxd7 13. f3 Rad8 14. fxe4 Bxe4
15. Bf3 Qc6 16. c4 Bf6 17. Bxe4 Qxe4 18. Qf3 Qxf3 19. Rxf3 c5 20. Re1 Rf7 21.
Re2 Rfd7 22. dxc5 Bxb2 23. Rxb2 bxc5 24. e4 fxe4 25. Re3 Rd1+ 26. Kf2 R8d4 27.
Rbe2 Ra1 28. Kg3 Kf7 29. Rf2+ Ke7 30. Kf4 Kd6 31. Rxe4 e5+ 32. Kf3 h5 33. Rfe2
Rf1+ 34. Kg3 Rxe4 35. Rxe4 Ke6 36. Re3 g5 37. Rf3 Rd1 38. Rf8 Rd3+ 39. Rf3 Rd8
40. Re3 Rd2 41. a3 a5 42. h3 Ra2 43. a4 h4+ 44. Kf3 Kf5 45. Re2 Rxe2 46. Kxe2
Ke4 47. Kf2 Kd4 48. Kf3 e4+ 49. Kg4 e3 0-1

[Event "Spain ch tt"]
[Site "?"]
[Date "2001.??.??"]
[Round "8"]
[White "Almagro, Sebastian"]
[Black "Jerez, Alfonso"]
[Result "1-0"]
[WhiteElo "2234"]
[BlackElo "2356"]
[PlyCount "59"]
[EventDate "2001.??.??"]

1. e4 d5 2. exd5 Nf6 3. d4 Bg4 4. Nf3 Qxd5 5. Be2 Nc6 6. O-O O-O-O 7. c3 Qf5 8.
Nbd2 e6 9. Nc4 Bd6 10. Qa4 Nd5 11. Nxd6+ Rxd6 12. Re1 Kb8 13. Qd1 g5 14. Nxg5
Bxe2 15. Qxe2 Rg8 16. Nf3 Nf6 17. Ne5 Nxe5 18. dxe5 Rd5 19. exf6 Qh3 20. g3 Rh5
21. Qf3 Qxh2+ 22. Kf1 Rf5 23. Qg2 Qh5 24. Be3 Rf3 25. Rad1 b6 26. Kg1 e5 27.
Rd5 Rxf6 28. Bd4 Re8 29. Rdxe5 Rxe5 30. Rxe5 1-0

[Event "Spain ch tt"]
[Site "?"]
[Date "2001.??.??"]
[Round "8"]
[White "Cifuentes, Roberto"]
[Black "Giorgadze, Giorgi"]
[Result "1/2-1/2"]
[WhiteElo "2522"]
[BlackElo "2585"]
[PlyCount "54"]
[EventDate "2001.??.??"]

1. d4 d5 2. c4 e6 3. Nf3 Nf6 4. g3 dxc4 5. Qa4+ c6 6. Qxc4 b5 7. Qd3 Bb7 8. Bg2
Nbd7 9. O-O a6 10. a4 c5 11. axb5 Be4 12. Qb3 Bd5 13. Qc2 axb5 14. Rxa8 Qxa8
15. Nc3 Bc6 16. dxc5 Bxc5 17. Ne1 Bxg2 18. Nxg2 b4 19. Na4 Be7 20. Bg5 O-O 21.
Rc1 h6 22. Bxf6 Nxf6 23. Ne1 Nd5 24. Nf3 Qa6 25. e4 Nf6 26. b3 Rd8 27. Ne5 Qb5
1/2-1/2

[Event "Spain ch tt"]
[Site "?"]
[Date "2001.??.??"]
[Round "8"]
[White "Paramos, Roberto"]
[Black "Pomes, Joan"]
[Result "1-0"]
[WhiteElo "2434"]
[BlackElo "2399"]
[PlyCount "67"]
[EventDate "2001.??.??"]

1. e4 d5 2. exd5 Qxd5 3. Nc3 Qa5 4. d4 Nf6 5. Nf3 c6 6. Bc4 Bf5 7. Bd2 e6 8.
Qe2 Bb4 9. Ne5 Nbd7 10. O-O-O Nxe5 11. dxe5 Nd5 12. Bxd5 exd5 13. g4 Be6 14. f4
O-O-O 15. a3 Bxa3 16. Na2 Qa4 17. f5 Be7 18. Nc3 Qa1+ 19. Nb1 Bd7 20. Rhf1 Qa6
21. Qe1 c5 22. Rf3 Qc6 23. Bf4 Be8 24. Ra3 a6 25. Nc3 g5 26. Bg3 h5 27. f6 Bf8
28. e6 Qxe6 29. Nxd5 Bd6 30. Re3 Bxg3 31. Ne7+ Qxe7 32. fxe7 Rxd1+ 33. Qxd1 Bc7
34. Kb1 1-0

[Event "Spain ch tt"]
[Site "?"]
[Date "2001.??.??"]
[Round "8"]
[White "Pablo, Alexandre"]
[Black "Reinaldo, Roi"]
[Result "1-0"]
[WhiteElo "2403"]
[BlackElo "2383"]
[PlyCount "89"]
[EventDate "2001.??.??"]

1. e4 c5 2. Nf3 e6 3. d4 cxd4 4. Nxd4 a6 5. Bd3 Nf6 6. Nc3 d6 7. f4 Nbd7 8. Qf3
g6 9. Nb3 Qc7 10. g4 h6 11. Bd2 Bg7 12. O-O-O b6 13. h4 Bb7 14. g5 hxg5 15.
hxg5 Nh5 16. Rh3 b5 17. Qf1 Nb6 18. Bxb5+ axb5 19. Nxb5 Qd7 20. Bc3 Ba6 21.
Bxg7 Bxb5 22. Qf2 Nxg7 23. Rxh8+ Ke7 24. Rxa8 Nxa8 25. Qd4 Nh5 26. e5 d5 27.
Nc5 Qc6 28. Ne4 Bc4 29. Qa7+ Nc7 30. Qa3+ Kd8 31. Nf6 Nxf6 32. gxf6 Kc8 33.
Qf8+ Qe8 34. Qxe8+ Nxe8 35. b3 Be2 36. Rd2 Bh5 37. a4 Nc7 38. b4 Kb7 39. Kb2
Na8 40. c4 Nb6 41. cxd5 exd5 42. a5 Nc4+ 43. Kc1 g5 44. Rxd5 gxf4 45. e6 1-0

[Event "Spain ch tt"]
[Site "?"]
[Date "2001.??.??"]
[Round "8"]
[White "Garcia Castro, Pablo"]
[Black "Gonzalez Velez, Fermin"]
[Result "0-1"]
[WhiteElo "2324"]
[BlackElo "2379"]
[PlyCount "78"]
[EventDate "2001.??.??"]

1. e4 c5 2. Nc3 a6 3. g4 e6 4. Bg2 h5 5. d3 hxg4 6. Qxg4 Nc6 7. Bd2 d5 8. O-O-O
Nf6 9. Qg3 Nh5 10. Qf3 d4 11. Nce2 Ne5 12. Qh3 Ng6 13. Bf3 e5 14. Qf1 Be6 15.
Bxh5 Rxh5 16. Kb1 Qb6 17. Ng3 Rh8 18. Qe1 Qc6 19. N1e2 O-O-O 20. Nf5 Kb8 21.
Neg3 Nf4 22. Ne2 Nxe2 23. Qxe2 c4 24. Bc1 Rc8 25. b3 c3 26. f4 f6 27. fxe5 fxe5
28. Rdg1 Rc7 29. Rg6 Qd7 30. Qf3 a5 31. Rhg1 a4 32. Nxg7 axb3 33. axb3 Bf7 34.
Rb6 Ka7 35. Rf6 Bxb3 36. Rf5 Bxc2+ 37. Kxc2 Qa4+ 38. Kb1 Qb3+ 39. Ka1 c2 0-1

[Event "Spain ch tt"]
[Site "?"]
[Date "2001.??.??"]
[Round "8"]
[White "Cacho, Sergio"]
[Black "Arizmendi, Julen"]
[Result "1/2-1/2"]
[WhiteElo "2463"]
[BlackElo "2503"]
[PlyCount "83"]
[EventDate "2001.??.??"]

1. d4 Nf6 2. Nf3 g6 3. c4 Bg7 4. Nc3 O-O 5. e4 d6 6. Be2 Na6 7. O-O e5 8. Re1
c6 9. Bf1 Bg4 10. Be3 exd4 11. Bxd4 c5 12. Be3 Nb4 13. e5 Ne8 14. exd6 b6 15.
Bf4 Bxf3 16. gxf3 Bd4 17. Nb5 Qf6 18. Re4 Rd8 19. Qd2 Nxd6 20. Nxd6 Rxd6 21.
Bxd6 Qxd6 22. f4 Nc6 23. Rae1 Qf6 24. R4e2 Na5 25. Qc1 Nb7 26. Bg2 Nd6 27. Bd5
Kg7 28. Kh1 Nf5 29. Rg1 Qh4 30. Qd2 Bf6 31. Re4 Rd8 32. Qe2 Nd6 33. Rg4 Qh5 34.
Re3 Nf5 35. Rg1 Qh4 36. Re4 Nd6 37. Rg4 Qh5 38. Re3 Nf5 39. Rg1 Qh4 40. Re8
Rxe8 41. Qxe8 Nd6 42. Qe2 1/2-1/2

[Event "Spain ch tt"]
[Site "?"]
[Date "2001.??.??"]
[Round "8"]
[White "Vassallo, Mauricio"]
[Black "Bernal, Luis M"]
[Result "1/2-1/2"]
[WhiteElo "2454"]
[BlackElo "2407"]
[PlyCount "21"]
[EventDate "2001.??.??"]

1. d4 Nf6 2. g3 g6 3. Bg2 Bg7 4. e4 d6 5. Ne2 O-O 6. Nbc3 e5 7. h3 Nc6 8. Be3
exd4 9. Nxd4 Re8 10. O-O Bd7 11. a4 1/2-1/2

[Event "Spain ch tt"]
[Site "?"]
[Date "2001.??.??"]
[Round "8"]
[White "Gonzalez Merino, Francisco"]
[Black "Sanchez Guirado, Francisco"]
[Result "0-1"]
[WhiteElo "2171"]
[BlackElo "2399"]
[PlyCount "68"]
[EventDate "2001.??.??"]

1. Nf3 Nf6 2. g3 d5 3. Bg2 c6 4. O-O Bf5 5. b3 e6 6. Bb2 Be7 7. d3 O-O 8. Nbd2
h6 9. Re1 Bh7 10. e4 a5 11. a4 Na6 12. Ne5 Nb4 13. h3 Qb6 14. Nf1 Rad8 15. Qe2
Bc5 16. Ng4 Nxg4 17. hxg4 dxe4 18. Bxe4 f5 19. gxf5 Bxf2+ 20. Qxf2 Qxf2+ 21.
Kxf2 Nxc2 22. g4 exf5 23. gxf5 Bxf5 24. Ke2 Be6 25. Nd2 Bg4+ 26. Nf3 Nxa1 27.
Rxa1 Rxf3 28. Bxf3 Re8+ 29. Kf2 Rf8 30. Kg3 Bxf3 31. Re1 Bd5 32. Re7 Rf7 33.
Re8+ Kh7 34. Kg4 Bxb3 0-1

[Event "Spain ch tt"]
[Site "?"]
[Date "2001.??.??"]
[Round "8"]
[White "Llobel, Enrique"]
[Black "Fernandez Fernandez, Juan Carlos"]
[Result "1/2-1/2"]
[WhiteElo "2376"]
[BlackElo "2109"]
[PlyCount "41"]
[EventDate "2001.??.??"]

1. e4 c6 2. d4 d5 3. e5 Bf5 4. Nc3 e6 5. g4 Bg6 6. Nge2 Ne7 7. Nf4 c5 8. dxc5
Nd7 9. h4 Nxe5 10. Bg2 h5 11. Nxg6 N7xg6 12. Bg5 Be7 13. gxh5 Nxh4 14. Bxh4
Bxh4 15. Qe2 Bf6 16. Nxd5 exd5 17. f4 Qe7 18. fxe5 Bxe5 19. Bxd5 Kf8 20. Rh3
Re8 21. Kf1 1/2-1/2

[Event "Spain ch tt"]
[Site "?"]
[Date "2001.??.??"]
[Round "9"]
[White "Campos Moreno, Javier"]
[Black "Adams, Michael"]
[Result "0-1"]
[WhiteElo "2500"]
[BlackElo "2731"]
[PlyCount "58"]
[EventDate "2001.??.??"]

1. d4 Nf6 2. c4 e6 3. Nc3 Bb4 4. Nf3 b6 5. Qb3 c5 6. a3 Ba5 7. Bg5 Bb7 8. dxc5
Na6 9. Qc2 Bxc3+ 10. Qxc3 Nxc5 11. Nd2 a5 12. b4 axb4 13. axb4 Rxa1+ 14. Qxa1
Na6 15. Qb2 Qe7 16. c5 bxc5 17. e4 h6 18. Bh4 e5 19. Bxa6 Bxa6 20. Qa3 Qe6 21.
Bxf6 cxb4 22. Qxb4 gxf6 23. f3 (23. Qb8+ Ke7 24. Qxh8 Qg4) 23... Qc6 24. Kf2 d6
25. Rd1 Ke7 26. Nb3 Qc7 27. Na5 Qa7+ 28. Kg3 Rg8+ 29. Kh3 Bc8+ 0-1

[Event "Spain ch tt"]
[Site "?"]
[Date "2001.??.??"]
[Round "9"]
[White "Campora, Daniel"]
[Black "Estremera, Sergio"]
[Result "1/2-1/2"]
[WhiteElo "2536"]
[BlackElo "2398"]
[PlyCount "53"]
[EventDate "2001.??.??"]

1. e4 c5 2. Nf3 Nc6 3. Bb5 g6 4. O-O Bg7 5. c3 Nf6 6. Re1 O-O 7. h3 e5 8. d3 d6
9. Nbd2 h6 10. a3 Be6 11. b4 cxb4 12. axb4 a6 13. Ba4 b5 14. Bb3 d5 15. Bb2
dxe4 16. dxe4 Bxb3 17. Nxb3 Qc7 18. Qe2 Nd7 19. Nfd2 Rfb8 20. Nf1 a5 21. bxa5
Nxa5 22. Nxa5 Rxa5 23. Ne3 Rxa1 24. Bxa1 Nf6 25. Rb1 Qc5 26. c4 Nxe4 27. cxb5
1/2-1/2

[Event "Spain ch tt"]
[Site "?"]
[Date "2001.??.??"]
[Round "9"]
[White "Gomez Jurado, Luis A"]
[Black "Ruiz Jimenez, Francisco"]
[Result "1/2-1/2"]
[WhiteElo "2252"]
[BlackElo "2122"]
[PlyCount "41"]
[EventDate "2001.??.??"]

1. d4 d5 2. Nf3 Nf6 3. c4 c6 4. Nc3 dxc4 5. a4 Bf5 6. e3 e6 7. Bxc4 Bb4 8. O-O
O-O 9. Na2 Bd6 10. b3 Nbd7 11. Bb2 Qe7 12. Ne5 Rad8 13. Qe2 c5 14. g4 Bg6 15.
f4 cxd4 16. exd4 Nb6 17. h4 Bxe5 18. fxe5 Ne4 19. Rf4 Nxc4 20. bxc4 Qxh4 21.
Rxe4 1/2-1/2

[Event "Spain ch tt"]
[Site "?"]
[Date "2001.??.??"]
[Round "9"]
[White "Suba, Mihai"]
[Black "Matamoros, Carlos"]
[Result "1/2-1/2"]
[WhiteElo "2535"]
[BlackElo "2457"]
[PlyCount "130"]
[EventDate "2001.??.??"]

1. Nf3 c5 2. c4 Nf6 3. Nc3 e6 4. g3 b6 5. Bg2 Bb7 6. O-O Be7 7. d4 cxd4 8. Qxd4
d6 9. Bg5 a6 10. Bxf6 Bxf6 11. Qd3 Ra7 12. Rfd1 Be7 13. Rac1 O-O 14. Nd4 Bxg2
15. Kxg2 Rc7 16. b3 Nc6 17. Nxc6 Rxc6 18. f4 Qc8 19. a4 Bf6 20. Na2 Rd8 21. Qf3
Rc7 22. f5 exf5 23. Nb4 b5 24. Nd5 Rc5 25. Rf1 bxa4 26. bxa4 Re8 27. Rb1 Qe6
28. Qxf5 Qxe2+ 29. Kh3 Qxc4 30. Qd7 Rf8 31. Nxf6+ gxf6 32. Qg4+ Qxg4+ 33. Kxg4
Rc4+ 34. Rf4 Rfc8 35. Rb6 R4c6 36. a5 Rxb6 37. axb6 Rb8 38. Rb4 a5 39. Rb5 a4
40. Kf5 Kg7 41. Rb4 h5 42. Rxa4 Rxb6 43. Ra5 Rc6 44. Ke4 Rc5 45. Ra6 Re5+ 46.
Kf4 Rd5 47. Ra8 Rd1 48. Rd8 d5 49. Ke3 Kg6 50. Ke2 Rd4 51. Ke3 Re4+ 52. Kf3 Re5
53. Kf4 Re4+ 54. Kf3 Re5 55. Kf4 Rf5+ 56. Ke3 h4 57. gxh4 Kh5 58. Rd7 Kxh4 59.
Rxf7 Kg5 60. Rg7+ Kh6 61. Ra7 Re5+ 62. Kf4 Re6 63. Kf5 Re2 64. Kxf6 Rxh2 65.
Ra8 Rf2+ 1/2-1/2

[Event "Spain ch tt"]
[Site "?"]
[Date "2001.??.??"]
[Round "9"]
[White "Vega Holm, Fernando"]
[Black "Garcia Ilundain, David"]
[Result "1-0"]
[WhiteElo "2404"]
[BlackElo "2467"]
[PlyCount "79"]
[EventDate "2001.??.??"]

1. c4 Nf6 2. g3 c6 3. Nf3 d5 4. Bg2 Bg4 5. cxd5 cxd5 6. Ne5 Bf5 7. Nc3 Nc6 8.
Qa4 Bd7 9. Nxd7 Qxd7 10. d3 e6 11. O-O Be7 12. Bd2 O-O 13. Rfc1 Rfc8 14. a3 a6
15. Qd1 b5 16. e4 dxe4 17. dxe4 Ne5 18. Bf4 Bd6 19. Qe2 Qe7 20. Rd1 Rd8 21. Na2
Rac8 22. a4 bxa4 23. Qxa6 Ra8 24. Qe2 a3 25. Nc3 axb2 26. Rxa8 Rxa8 27. Qxb2
Rd8 28. Qa1 Bb8 29. Rb1 Nc6 30. Bxb8 Rxb8 31. e5 Rxb1+ 32. Nxb1 Nd5 33. Qa8+
Nd8 34. Bxd5 exd5 35. Qxd5 Ne6 36. Nc3 h6 37. Qa8+ Kh7 38. Qe4+ Kg8 39. Nd5 Qc5
40. h4 1-0

[Event "Spain ch tt"]
[Site "?"]
[Date "2001.??.??"]
[Round "9"]
[White "Barrero, Carlos"]
[Black "Romero, Alfonso"]
[Result "0-1"]
[WhiteElo "2307"]
[BlackElo "2461"]
[PlyCount "110"]
[EventDate "2001.??.??"]

1. d4 Nf6 2. Nf3 g6 3. c4 Bg7 4. Nc3 d6 5. e4 O-O 6. Be2 Bg4 7. Be3 Nfd7 8. Ng1
Bxe2 9. Ngxe2 c5 10. O-O cxd4 11. Nxd4 Nc6 12. Rc1 Rc8 13. b3 a6 14. Qd2 Qa5
15. Rfd1 Rfe8 16. h3 Nxd4 17. Bxd4 Bxd4 18. Qxd4 Qc5 19. Qxc5 Rxc5 20. Nd5 Kf8
21. Rc2 Rec8 22. Rdc1 e6 23. Nb4 Ke7 24. Rd1 a5 25. Nd3 R5c6 26. Rcd2 a4 27. f3
axb3 28. axb3 Rb6 29. Rb2 Nc5 30. Nxc5 Rxc5 31. Rdb1 Rb4 32. Kf2 b5 33. cxb5
Rcxb5 34. Ke3 f5 35. exf5 gxf5 36. Kd3 d5 37. Kc3 h5 38. Ra1 d4+ 39. Kc2 Rc5+
40. Kd2 Rcb5 41. Ra7+ Kf6 42. Rh7 Rxb3 43. Rxb3 Rxb3 44. Rxh5 e5 45. Rh6+ Kg5
46. Re6 Kf4 47. g3+ Kxg3 48. Rxe5 Rxf3 49. Rd5 d3 50. Rd8 Kxh3 51. Ra8 Rg3 52.
Rf8 Kg4 53. Rg8+ Kf3 54. Rf8 f4 55. Rf7 Rg8 0-1

[Event "Spain ch tt"]
[Site "?"]
[Date "2001.??.??"]
[Round "9"]
[White "Arizmendi, Julen"]
[Black "Marin, Mihai"]
[Result "0-1"]
[WhiteElo "2503"]
[BlackElo "2561"]
[PlyCount "82"]
[EventDate "2001.??.??"]

1. e4 d6 2. d4 Nf6 3. Nc3 g6 4. Nf3 Bg7 5. Be2 O-O 6. O-O c6 7. Bf4 Nbd7 8. Nd2
Qc7 9. a4 e5 10. dxe5 dxe5 11. Be3 Rd8 12. a5 Nf8 13. f3 Ne6 14. Na4 Nd4 15. c3
Nxe2+ 16. Qxe2 Nh5 17. g3 f5 18. exf5 gxf5 19. Bg5 Re8 20. f4 Qf7 21. fxe5 Rxe5
22. Qf2 Rxa5 23. Nc5 Rxa1 24. Rxa1 b6 25. Nd3 Bb7 26. Nf4 Nxf4 27. Qxf4 c5 28.
Kf2 Qh5 29. h4 h6 30. Rxa7 Rxa7 31. Qb8+ Bc8 32. Qxc8+ Kh7 33. Qxf5+ Qg6 34.
Qxg6+ Kxg6 35. Be3 Ra2 36. Ke2 Rxb2 37. Kd3 Kh5 38. Nc4 Rb3 39. Bd2 b5 40. Na5
Ra3 41. Nb7 Bxc3 0-1

[Event "Spain ch tt"]
[Site "?"]
[Date "2001.??.??"]
[Round "9"]
[White "Narciso, Marc"]
[Black "Vassallo, Mauricio"]
[Result "1/2-1/2"]
[WhiteElo "2517"]
[BlackElo "2454"]
[PlyCount "179"]
[EventDate "2001.??.??"]

1. e4 d6 2. d4 g6 3. Nf3 Bg7 4. Be2 Nf6 5. Nc3 O-O 6. O-O c5 7. d5 e6 8. Nd2
exd5 9. exd5 Nbd7 10. a4 Ne8 11. Re1 f5 12. Nc4 Ne5 13. Bf4 Nf7 14. Ra3 Rb8 15.
Bf1 b6 16. Rb3 a6 17. Na5 Qc7 18. Nc6 Ra8 19. Ne7+ Kh8 20. Nxc8 Rxc8 21. Bxa6
Ra8 22. Bb5 Ne5 23. h3 Bf6 24. Qd2 Ng7 25. Bxe5 Bxe5 26. Bc6 Rab8 27. Nb5 Qd8
28. Na3 Qh4 29. Bb5 Rfd8 30. Nc4 Bf6 31. Kh2 Bg5 32. Qe2 Bf6 33. g3 Qh6 34. Kg2
g5 35. Bc6 Nh5 36. Qf3 g4 37. Qxf5 gxh3+ 38. Qxh3 Rg8 39. Kh2 Bd4 40. Re6 Qg5
41. Nxd6 Rbf8 42. Ne4 Rxf2+ 43. Nxf2 Bxf2 44. Re8 Rxe8 45. Bxe8 Nf4 46. Qh4
Bxg3+ 47. Qxg3 Qh6+ 48. Kg1 Ne2+ 49. Kg2 Nxg3 50. Rxg3 Qd2+ 51. Kh3 Qxd5 52.
Bb5 Qf5+ 53. Kh4 Qxc2 54. b3 Qh2+ 55. Kg4 Kg7 56. Bc4 h5+ 57. Kf3+ Kf6 58. Rg8
Ke5 59. Rg5+ Kd4 60. Rd5+ Kc3 61. Rd3+ Kc2 62. Re3 Qh3+ 63. Kf2 Qh4+ 64. Kf3
Qf6+ 65. Kg2 Kd2 66. Rf3 Qg7+ 67. Kh2 Qg5 68. Rg3 Qh4+ 69. Kg2 Qe4+ 70. Kh2 Qf4
71. Kh3 Kc2 72. Rg2+ Kc3 73. Rg3+ Kb4 74. Bg8 b5 75. axb5 Kxb5 76. Bc4+ Kb4 77.
Bg8 Qe4 78. Kh2 h4 79. Rg2 Qf3 80. Bc4 Kc3 81. Bg8 Kd4 82. Bc4 Ke3 83. Bg8 Qf5
84. Bc4 h3 85. Rg1 Qf2+ 86. Kh1 Qf4 87. Re1+ Kd4 88. Rg1 Qf2 89. Rg4+ Ke5 90.
Rg1 1/2-1/2

[Event "Spain ch tt"]
[Site "?"]
[Date "2001.??.??"]
[Round "9"]
[White "Sanchez Guirado, Francisco"]
[Black "Granados, Manuel"]
[Result "1/2-1/2"]
[WhiteElo "2399"]
[BlackElo "2428"]
[PlyCount "108"]
[EventDate "2001.??.??"]

1. Nf3 d5 2. b3 Bg4 3. e3 Nd7 4. Bb2 e6 5. Be2 h6 6. d4 Ngf6 7. Nbd2 Be7 8. c4
c6 9. O-O O-O 10. Qc2 Bf5 11. Bd3 Bxd3 12. Qxd3 Qc7 13. Rac1 Rad8 14. Rfd1 Rfe8
15. h3 Qb8 16. Qc2 Bd6 17. a3 Rc8 18. Qb1 b5 19. e4 dxe4 20. Nxe4 Nxe4 21. Qxe4
bxc4 22. b4 Nf6 23. Qe2 a5 24. bxa5 Qb5 25. Rxc4 Rb8 26. Bc1 Nd5 27. Qc2 Qxa5
28. Rxc6 Bxa3 29. Bxa3 Qxa3 30. Ne5 Nb4 31. Qc1 Qxc1 32. Rcxc1 Rbc8 33. Rb1 Nd5
34. Rb7 Re7 35. Rdb1 f6 36. Nf3 Rcc7 37. Rb8+ Kf7 38. h4 h5 39. g3 Rc3 40. R8b3
Rc2 41. R1b2 Rxb2 42. Rxb2 Rd7 43. Ra2 Ne7 44. Ra5 Nf5 45. Kf1 Kg6 46. Ra4 Rd6
47. Ke2 Nh6 48. Ra2 Ng4 49. Rd2 Kf5 50. Ne1 Nh6 51. Ng2 g5 52. Ne3+ Kg6 53. d5
gxh4 54. gxh4 Nf5 1/2-1/2

[Event "Spain ch tt"]
[Site "?"]
[Date "2001.??.??"]
[Round "9"]
[White "Jerez, Alfonso"]
[Black "Llobel, Enrique"]
[Result "0-1"]
[WhiteElo "2356"]
[BlackElo "2376"]
[PlyCount "124"]
[EventDate "2001.??.??"]

1. e4 e6 2. d4 d5 3. Nc3 Bb4 4. e5 c5 5. Bd2 Nc6 6. Nb5 Bxd2+ 7. Qxd2 Nxd4 8.
Nxd4 cxd4 9. Nf3 Qc7 10. Bd3 f6 11. Bb5+ Bd7 12. Bxd7+ Qxd7 13. exf6 gxf6 14.
Qxd4 e5 15. Qb4 Ne7 16. O-O-O O-O-O 17. Kb1 Kb8 18. c3 Rhg8 19. Rhg1 Rg4 20.
Qc5 Rc8 21. Qe3 Qb5 22. Qh6 Rf4 23. Qxh7 Nc6 24. Rgf1 Na5 25. Qe7 Nc4 26. b3
Rxf3 27. gxf3 Nd2+ 28. Rxd2 Qxf1+ 29. Kb2 d4 30. Qd6+ Ka8 31. Rc2 Qd3 32. c4
Qxf3 33. Qe6 Rd8 34. Qe7 Rh8 35. Qg7 Rb8 36. Qd7 a6 37. c5 Qc6 38. Qxc6 bxc6
39. f3 Rg8 40. h4 Rh8 41. Rh2 Rh5 42. Kc2 Kb7 43. Kd3 Kc7 44. Ke4 Kd7 45. f4
Ke6 46. fxe5 fxe5 47. a3 Rf5 48. h5 Rf4+ 49. Kd3 Rf3+ 50. Kc2 Kf7 51. h6 Kg8
52. Rh5 Rc3+ 53. Kd1 Rxc5 54. b4 Rd5 55. a4 Kh7 56. Kd2 a5 57. bxa5 Rxa5 58.
Ke2 Rd5 59. Kd2 c5 60. a5 c4 61. a6 c3+ 62. Kc1 d3 0-1

[Event "Spain ch tt"]
[Site "?"]
[Date "2001.??.??"]
[Round "9"]
[White "Giorgadze, Giorgi"]
[Black "Cacho, Sergio"]
[Result "1-0"]
[WhiteElo "2585"]
[BlackElo "2463"]
[PlyCount "61"]
[EventDate "2001.??.??"]

1. d4 d5 2. c4 c6 3. Nf3 Nf6 4. e3 e6 5. Nbd2 Nbd7 6. Bd3 Bd6 7. O-O O-O 8. b3
e5 9. cxd5 cxd5 10. dxe5 Nxe5 11. Be2 Qe7 12. Bb2 Bf5 13. Bxe5 Bxe5 14. Nxe5
Qxe5 15. Nf3 Qb2 16. Nd4 Bg6 17. Qc1 Qxc1 18. Rfxc1 a6 19. Rc7 Rab8 20. Rac1
Rfd8 21. f3 h5 22. Kf2 Kf8 23. b4 Rd7 24. Rc8+ Rd8 25. Rxd8+ Rxd8 26. Rc7 Rd7
27. Rc8+ Ke7 28. b5 a5 29. b6 Ne8 30. Bb5 Rd8 31. Nc6+ 1-0

[Event "Spain ch tt"]
[Site "?"]
[Date "2001.??.??"]
[Round "9"]
[White "Bernal, Luis M"]
[Black "Paramos, Roberto"]
[Result "1/2-1/2"]
[WhiteElo "2407"]
[BlackElo "2434"]
[PlyCount "62"]
[EventDate "2001.??.??"]

1. d4 Nf6 2. c4 g6 3. g3 d5 4. cxd5 Qxd5 5. Nf3 Bg7 6. Bg2 O-O 7. O-O Qh5 8.
Nc3 Nc6 9. Bf4 Bg4 10. Ne5 Nxe5 11. dxe5 Rad8 12. Qb3 Be6 13. exf6 Bxb3 14.
fxg7 Kxg7 15. axb3 b5 16. Rxa7 b4 17. Bf3 Qf5 18. Na4 g5 19. Be3 g4 20. Bg2 Qc2
21. Nc5 Qxe2 22. Rxc7 Rfe8 23. Nb7 Rd1 24. Rc1 Rxf1+ 25. Bxf1 Qxb2 26. Nc5 Rd8
27. Bc4 h5 28. Nd3 Qe2 29. Re1 Qc2 30. Rc1 Qe2 31. Re1 Qc2 1/2-1/2

[Event "Spain ch tt"]
[Site "?"]
[Date "2001.??.??"]
[Round "9"]
[White "Reinaldo, Roi"]
[Black "Gonzalez Merino, Francisco"]
[Result "1-0"]
[WhiteElo "2383"]
[BlackElo "2171"]
[PlyCount "63"]
[EventDate "2001.??.??"]

1. e4 e6 2. d4 d5 3. Nd2 dxe4 4. Nxe4 Bd7 5. Nf3 Bc6 6. Bd3 Nd7 7. O-O Ngf6 8.
Ng3 Be7 9. c4 Bxf3 10. Qxf3 c6 11. b3 O-O 12. Bb2 a5 13. a3 Re8 14. Rfe1 Qb6
15. Rad1 Rad8 16. h4 Kh8 17. Bb1 c5 18. h5 h6 19. d5 exd5 20. cxd5 c4 21. Rxe7
Rxe7 22. Nf5 Ree8 23. Qg3 Rg8 24. Ne7 Rgf8 25. Nf5 Rg8 26. Nd6 Rgf8 27. Nxc4
Qc5 28. Nd6 Qb6 29. Bd4 Qa6 30. Bd3 Qa8 31. Nf5 Rg8 32. Qf4 1-0

[Event "Spain ch tt"]
[Site "?"]
[Date "2001.??.??"]
[Round "9"]
[White "Fernandez Fernandez, Juan C"]
[Black "Rodriguez, Rafael"]
[Result "1-0"]
[WhiteElo "2109"]
[BlackElo "2299"]
[PlyCount "67"]
[EventDate "2001.??.??"]

1. Nf3 c5 2. c4 Nf6 3. g3 b6 4. Bg2 Bb7 5. O-O e6 6. Nc3 a6 7. d4 cxd4 8. Qxd4
d6 9. Ng5 Bxg2 10. Kxg2 Nbd7 11. Rd1 Rc8 12. b3 Be7 13. Bb2 O-O 14. Nge4 Rc6
15. Rac1 Qa8 16. Kg1 Rb8 17. Qd2 b5 18. cxb5 Nxe4 19. Nxe4 Rxc1 20. Rxc1 Qxe4
21. bxa6 Qa8 22. Rc7 Rd8 23. a7 Bf6 24. Bxf6 Nxf6 25. Qf4 e5 26. Qc4 Nd5 27.
Rc6 Ne7 28. Rc7 Rc8 29. b4 d5 30. Qc5 Rxc7 31. Qxc7 Nc6 32. b5 Nxa7 33. b6 Nb5
34. Qd7 1-0